Erkenne Fußballer anhand ihrer Karriere! - Statistiken

Allgemein
  • Dieses Quiz wurde 91 mal gespielt
  • Das Durchschnittsergebnis liegt bei 8 aus 15
Antwortstatistiken
Position Meiste Spiele für... Höchster Marktwer Antwort % Korrekt
TW FC Bayern München (589) 45 Mio. Manuel Neuer
100%
ZM Borussia Dortmund (132) 180 Mio. Jude Bellingham
82%
ST Atletico Madrid (483) 150 Mio. Antoine Griezmann
78%
IV Real Madrid (671) 50 Mio Sergio Ramos
78%
ZOM Man. City (422) 150 Mio. Kevin De Bruyne
73%
OM Borussia Dortmund (429) 50 Mio. Marco Reus
71%
ST PSG (180) 46 Mio. Zlatan Ibrahimovic
52%
ST Athletic Bilbao (497) 50 Mio Inaki Williams
50%
IV PSG (315) 40 Mio. Thiago Silva
50%
LF Liverpool (148) 85 Mio. Luis Diaz
44%
ST FC Arsenal (253) 27 Mio. Olivier Giroud
38%
ST FC Everton (152) 65 Mio. Richarlison
30%
DM AC Mailand (130) 75 Mio. Sandro Tonali
28%
DM Inter Mailand (207) 45 Mio. Hakan Çalhanoğlu
26%
RV Ajax Amsterdam (121) 70 Mio. Jurriën Timber
12%
Keine übereinstimmenden Quizze gefunden
Verteilung der Resultate
Anzahl Personen mit jedem Resultat
Perzentil nach korrekt beantworteten Fragen
Ihre Resultats-Entwicklung
Sie haben dieses Quiz noch nicht gespielt